Control systems design of bio-robotics and bio-mechatronics with advanced applications / (Record no. 121552)
[ view plain ]
| 000 -LEADER | |
|---|---|
| fixed length control field | 00467nam a22001575i 4500 |
| 001 - CONTROL NUMBER | |
| control field | 21316857 |
| 005 - DATE AND TIME OF LATEST TRANSACTION | |
| control field | 20210302104823.0 |
| 008 - FIXED-LENGTH DATA ELEMENTS--GENERAL INFORMATION | |
| fixed length control field | 191202s2019 mau 000 0 eng |
| 020 ## - INTERNATIONAL STANDARD BOOK NUMBER | |
| International Standard Book Number | 9780128174630 |
| 040 ## - CATALOGING SOURCE | |
| Transcribing agency | PK-LaUMT |
| 082 ## - DEWEY DECIMAL CLASSIFICATION NUMBER | |
| Classification number | 610.28 |
| Item number | CON- |
| 245 10 - TITLE STATEMENT | |
| Title | Control systems design of bio-robotics and bio-mechatronics with advanced applications / |
| Statement of responsibility, etc | edited by Ahmad Taher Azar |
| 260 ## - PUBLICATION, DISTRIBUTION, ETC. (IMPRINT) | |
| Place of publication, distribution, etc | London : |
| Name of publisher, distributor, etc | Academic Press, |
| Date of publication, distribution, etc | 2020 |
| 300 ## - PHYSICAL DESCRIPTION | |
| Extent | 480 p. |
| 942 ## - ADDED ENTRY ELEMENTS (KOHA) | |
| Koha item type | Books |
| Withdrawn status | Lost status | Damaged status | Home library | Current library | Date acquired | Full call number | Barcode | Date last seen | Price effective from | Koha item type |
|---|---|---|---|---|---|---|---|---|---|---|
| UMT Main Campus | UMT Main Campus | 2021-03-02 | 610.28 CON- | 136463 | 2021-03-02 | 2021-03-02 | Books |
